Sistemas emergentes, o, Qué tienen en común hormigas, neuronas, ciudades y software /
Guardado en:
| Autor Principal: | |
|---|---|
| Formato: | Libro |
| Idioma: | Spanish English |
| Publicado: |
Madrid : México, D.F. :
Turner Publicaciones ; Fondo de Cultura Económica,
2003.
|
| Edición: | 1a. ed. |
| Series: | Colección Noema ;
29. |
| Materias: | |
| Etiquetas: |
Agregar Etiqueta
Sin Etiquetas, Sea el primero en etiquetar este registro!
|
| LEADER | 01040nam a22002535a 4500 | ||
|---|---|---|---|
| 001 | EAD.ead001908 | ||
| 008 | 091113s2003####sp#a#####b####001#0#spa#d | ||
| 005 | 20101001150816.0 | ||
| 245 | 1 | 0 | |a Sistemas emergentes, o, Qué tienen en común hormigas, neuronas, ciudades y software / |c Steven Johnson ; traducción de María Florencia Ferré. |
| 250 | |a 1a. ed. | ||
| 260 | |a Madrid : |b Turner Publicaciones ; |a México, D.F. : |b Fondo de Cultura Económica, |c 2003. | ||
| 300 | |a 258 p. : |b il. ; |c 22 cm. | ||
| 490 | 0 | |a Colección Noema ; |v 29 | |
| 500 | |a Traducción de: Emergence. The connected lives of ants, cities and software. | ||
| 504 | |a Incluye referencias bibliográficas (p. 233-241), notas e índice. | ||
| 020 | |a 8475066224 (Turner) | ||
| 020 | |a 9681670744 (FCE) | ||
| 100 | 1 | |a Johnson, Steven, |d 1968- | |
| 830 | 0 | |a Colección Noema ; |v 29. | |
| 082 | 0 | 4 | |a 003.7 |2 21 |
| 653 | |a Sistemas de auto-organización | ||
| 653 | |a Inteligencia colectiva | ||
| 041 | 1 | |a spa |h eng | |
| 859 | |a AR-BaBDC |b BIB. ADMINISTRACION - Libros |h 003.7 |i J637 |p b06160 | ||
